Normal view
MARC view
- Askin, Ronald G
Entry Personal Name
001 - CONTROL NUMBER
- control field: 85256
003 - CONTROL NUMBER IDENTIFIER
- control field: NUST
005 - DATE AND TIME OF LATEST TRANSACTION
- control field: 20211129123712.0
008 - FIXED-LENGTH DATA ELEMENTS
- fixed length control field: 211129|| aca||aabn | a|a d
040 ## - CATALOGING SOURCE
- Original cataloging agency: NUST
- Transcribing agency: NUST
100 ## - HEADING--PERSONAL NAME
- Personal name: Askin, Ronald G
670 ## - SOURCE DATA FOUND
- Source citation: Work cat.: (NUST)33455: Askin, Ronald G., Design and Analysis of Lean Production Systems, 2005.
